000 00788nam a22001937a 4500
003 BD-DhUL
005 20160822103318.0
008 160822s1996 bg ||||| |||| 001 0 ben d
040 _aBD-DhUL
_cBD-DhUL
082 _a320.513
_bJAA
100 _aজাহাঙ্গীর, বোরহানউদ্দিন খান
245 _aআধুনিকতা এবং জাতীয়তাবাদ /
_cবোরহানউদ্দিন খান জাহাঙ্গীর
260 _a ঢাকা :
_bআগামী প্রকাশনী,
_c১৯৯৬
300 _a ৬৪ পৃ.:;
_c২১ সে.মি.
500 _a র্নিঘণ্ট সংবলিত
650 0 _aজাতীয়তাবাদ
650 0 _aNationalism
942 _2ddc
_cBK
999 _c100198
_d100198